|
|
|
|
| LEADER |
01123nam a2200277 a 4500 |
| 001 |
9059 |
| 003 |
BD-DhAAL |
| 008 |
090413s1996 enka bf 001 0 eng d |
| 010 |
|
|
|a 95020540
|
| 020 |
|
|
|a 0471956422 (acid-free paper)
|
| 040 |
|
|
|a DLC
|c DLC
|d DLC
|d BD-DhAAL
|
| 041 |
1 |
|
|a eng
|
| 082 |
0 |
0 |
|a 621.367028551
|2 20
|
| 100 |
1 |
|
|a Klette, Reinhard.
|9 41382
|
| 240 |
1 |
0 |
|a Handbuch der Operatoren für die Bildbearbeitung.
|l English
|
| 245 |
1 |
0 |
|a Handbook of image processing operators /
|c Reinhard Klette, Piero Zamperoni.
|
| 260 |
|
|
|a Chichester ;
|a New York :
|b Wiley,
|c 1996.
|
| 300 |
|
|
|a xvi, 397 pages :
|b illustrations ;
|c 25 cm.
|
| 504 |
|
|
|a Includes bibliographical references and index.
|
| 541 |
1 |
|
|e 9059
|
| 650 |
|
0 |
|a Image processing
|x Handbooks, manuals, etc.
|9 41383
|
| 700 |
1 |
|
|a Zamperoni, Piero.
|9 41384
|
| 852 |
|
|
|a Ayesha Abed Library
|c General Stacks
|
| 942 |
|
|
|2 ddc
|c BK
|
| 999 |
|
|
|c 156
|d 156
|
| 952 |
|
|
|0 0
|1 0
|2 ddc
|4 0
|6 621_367028551000000_KLE
|7 0
|9 144
|a BRACUL
|b BRACUL
|c GEN
|d 2009-04-28
|g 0.00
|l 2
|m 3
|o 621.367028551 KLE
|p 3010009059
|r 2017-03-20
|s 2016-12-12
|t 1
|w 2009-04-28
|y BK
|x No price found in the accession register.
|